| 000 -LEADER |
| fixed length control field |
00744nam a22001577a 4500 |
| 003 - CONTROL NUMBER IDENTIFIER |
| control field |
OSt |
| 005 - DATE AND TIME OF LATEST TRANSACTION |
| control field |
20151102143321.0 |
| 008 - FIXED-LENGTH DATA ELEMENTS--GENERAL INFORMATION |
| fixed length control field |
151102b xxu||||| |||| 00| 0 eng d |
| 040 ## - CATALOGING SOURCE |
| Transcribing agency |
RUA |
| 082 ## - DEWEY DECIMAL CLASSIFICATION NUMBER |
| Classification number |
FOR ហែម 1991 B116 Or.1 |
| 100 ## - MAIN ENTRY--PERSONAL NAME |
| 9 (RLIN) |
3185 |
| Personal name |
ហែម ច័ន្ទរិទ្ធី |
| 245 ## - TITLE STATEMENT |
| Title |
ការពិនិត្យ និងរិះគន់ស្ថាបនាអំពីអនុវត្ត ក្រឹត្យ-ច្បាប់ លេខ ៣៥ ក្រ.ច ចុះថ្ងៃទី ២៥ មិថុនា ១៩៨៨ ស្ដីអំពីការគ្រប់គ្រងវិស័យព្រៃឈើ |
| 260 ## - PUBLICATION, DISTRIBUTION, ETC. (IMPRINT) |
| Place of publication, distribution, etc. |
Phnom Penh |
| Name of publisher, distributor, etc. |
RUA |
| Date of publication, distribution, etc. |
1991 |
| 300 ## - PHYSICAL DESCRIPTION |
| Extent |
78p. |
| Other physical details |
ill. |
| Dimensions |
29cm. |
| 942 ## - ADDED ENTRY ELEMENTS (KOHA) |
| Source of classification or shelving scheme |
|
| Koha item type |
FOR |